Central Library OPAC University of Rajshahi

World migration in modern times / (Record no. 59634)

MARC details
000 -LEADER
fixed length control field 00786nam a2200265 a 4500
001 - CONTROL NUMBER
control field 59634
003 - CONTROL NUMBER IDENTIFIER
rucl marc code BD-RjUL
005 - DATE AND TIME OF LATEST TRANSACTION
control field 20211209080743.0
008 - FIXED-LENGTH DATA ELEMENTS--GENERAL INFORMATION
fixed length control field 161226s1968 nju b 000 0 eng
035 ## - SYSTEM CONTROL NUMBER
System control number (BD-RjUL)59758
040 ## - CATALOGING SOURCE
Original cataloging agency DLC
Transcribing agency DLC
Modifying agency BD-RjULg
Language of cataloging en
041 ## - LANGUAGE CODE
Language code of text/sound track or separate title eng
082 00 - DEWEY DECIMAL CLASSIFICATION NUMBER
Classification number 304.82
Edition number 23
Author mark and year WOR 1968
245 10 - TITLE STATEMENT
Title World migration in modern times /
Statement of responsibility, etc. edited by Franklin D. Scott.
260 ## - PUBLICATION, DISTRIBUTION, ETC. (IMPRINT)
Place of publication, distribution, etc. Englewood, N.J., :
Name of publisher, distributor, etc. Prentice-Hall
Date of publication, distribution, etc. 1968
300 ## - PHYSICAL DESCRIPTION
Pagination xiii, 177 p. ;
Size 22 cm.
350 ## - PRICE (NR) (BK AM CF MU VM SE) [OBSOLETE]
Price $4.95
490 0# - SERIES STATEMENT
Series statement The Global history series
504 ## - BIBLIOGRAPHY, ETC. NOTE
Bibliography, etc Bibliography: p. 175-177.
650 #0 - SUBJECT ADDED ENTRY--TOPICAL TERM
Topical term or geographic name as entry element Emigration and immigration.
9 (RLIN) 172730
700 ## - ADDED ENTRY--PERSONAL NAME
Personal name Scott, Franklin Daniel,
830 ## - SERIES ADDED ENTRY--UNIFORM TITLE
Uniform title The Global history series
942 ## - ADDED ENTRY ELEMENTS (KOHA)
Source of classification or shelving scheme Dewey Decimal Classification
Koha item type Books
Holdings
Lost status Source of classification or shelving scheme Damaged status Not for loan Collection code Permanent Location Current Location Shelving location Date acquired Source of acquisition Total Checkouts Full call number Date last seen Copy number Koha item type
  Dewey Decimal Classification   Not For Loan Non-fiction Central Library, University of Rajshahi Central Library, University of Rajshahi Reading Room 12/11/1970 Zeitlinger   304.82 WOR 1968 26/12/2016 C-1 Books